书目信息 |
| 题名: |
<<管子>>一日一语
|
|
| 作者: | 王海峰 , 林勇斌 著 | |
| 分册: | ||
| 出版信息: | 杭州 浙江人民出版社 2000.04 |
|
| 页数: | 309页 | |
| 开本: | 32开 | |
| 丛书名: | ||
| 单 册: | ||
| 中图分类: | B226.1 | |
| 科图分类: | ||
| 主题词: | 先秦哲学 | |
| 电子资源: | ||
| ISBN: | 7-213-01692-X | |
| 000 | 00587nam0 2200205 45 | |
| 001 | 0011190996 | |
| 005 | 20001119090144.0 | |
| 010 | @a7-213-01692-X@d15.00元 | |
| 100 | @a20001119d2000 km y0chiy0120 ea | |
| 101 | 0 | @achi |
| 105 | @a z 000yy | |
| 200 | 1 |
@a<<管子>>一日一语@A< |
| 210 | @a杭州@c浙江人民出版社@d2000.04 | |
| 215 | @a309页@d32开 | |
| 606 | 0 | @a先秦哲学 |
| 690 | @aB226.1@v3 | |
| 701 | 0 | @a王海峰@4著 |
| 701 | 0 | @a林勇斌@4著 |
| 801 | @aCN@bPftUser@c20001119 | |
| 905 | @b413145-146@dB226.1@eW242@f2 | |
| <<管子>>一日一语/王海峰,林勇斌著.-杭州:浙江人民出版社,2000.04 |
| 309页;32开 |
| ISBN 7-213-01692-X:15.00元 |
| ● |
| 相关链接 |
|
|
|
正题名:《管子》一日一语
索取号:B226.1/W242
 
预约/预借
| 序号 | 登录号 | 条形码 | 馆藏地/架位号 | 状态 | 备注 |
| 1 | 413145 | 204131457 | 社科库509/509社科库 13排4列3层/ [索取号:B226.1/W242] | 在馆 | |
| 2 | 413146 | 204131466 | 社科库509/509社科库 13排4列3层/ [索取号:B226.1/W242] | 在馆 |